00686nam a2200145Ia 4500008004100000020002800041040001400069082002200083110004000105245023300145250003500378260006000413300002500473650004200498190719s9999||||xx |||||||||||||| ||und|| a9789280115321c£ 65.00 aIMU Kochi04a344.046343bIn821 aInternational Maritime Organization 0aMARPOL : articles, protocols, annexes, unified interpretations of the International Convention for the Prevention of Pollution from Ships, 1973, as modified by the 1978 and 1997 protocols. / cInternational Maritime Organization aConsolidated ed. 2011, 5th ed. aLondon : bInternational Maritime Organization , c2011 aix, 447 p.c; 30 cm. aMarine pollutionxLaw and legislation